Anyone but Barack Obama Quiz Stats

 Plays Quiz Updated Jun 11, 2017

Challenge
Share
Tweet
Embed
Score 0/37 Timer 04:00
0 Plays Today
Hint Answer % Correct
Have Two Biological ChildrenGeorge W. Bush
93.3%
Attended Harvard UniversityGeorge W. Bush
93%
Attended Harvard UniversityJohn F. Kennedy
92.3%
Were Inaugurated in Their 40'sJohn F. Kennedy
92.3%
Have a 5-Letter SurnameJohn Adams
91.8%
Attended Harvard UniversityJohn Adams
91.8%
Attended Harvard UniversityFranklin D. Roosevelt
91.8%
Have a 5-Letter SurnameJohn Quincy Adams
91.6%
Attended Harvard UniversityJohn Quincy Adams
91.6%
Have won the Nobel Peace PrizeTheodore Roosevelt
91.3%
Attended Harvard UniversityTheodore Roosevelt
91.3%
Were Inaugurated in Their 40'sTheodore Roosevelt
91.3%
Have a 5-Letter SurnameRichard Nixon
88%
Have Two Biological ChildrenRichard Nixon
88%
Were Born in AugustBill Clinton
87%
Were Inaugurated in Their 40'sBill Clinton
87%
Have won the Nobel Peace PrizeJimmy Carter
86.6%
Have Two Biological ChildrenLyndon B. Johnson
81.1%
Were Born in AugustLyndon B. Johnson
81%
Hint Answer % Correct
Have Two Biological ChildrenDwight D. Eisenhower
74.4%
Have a 5-Letter SurnameUlysses S. Grant
74.1%
Were Inaugurated in Their 40'sUlysses S. Grant
74.1%
Have won the Nobel Peace PrizeWoodrow Wilson
72.7%
Were Born in AugustHerbert Hoover
69.6%
Have Two Biological ChildrenHerbert Hoover
69.6%
Have a 5-Letter SurnameJohn Tyler
68%
Have a 5-Letter SurnameDonald Trump
66.6%
Were Inaugurated in Their 40'sJames K. Polk
66%
Have Two Biological ChildrenCalvin Coolidge
63.4%
Were Born in AugustBenjamin Harrison
61.4%
Were Inaugurated in Their 40'sGrover Cleveland
56.8%
Have a 5-Letter SurnameRutherford B. Hayes
55.2%
Attended Harvard UniversityRutherford B. Hayes
55.2%
Were Inaugurated in Their 40'sFranklin Pierce
54.8%
Have Two Biological ChildrenWilliam McKinley
52.6%
Were Inaugurated in Their 40'sJames Garfield
48.7%
Have Two Biological ChildrenMillard Fillmore
46.7%

You're not logged in!

Compare scores with friends on all Sporcle quizzes.
Join for Free
OR
Log In

You Might Also Like...

Show Comments

Extras

Top Quizzes Today


Score Distribution

Your Account Isn't Verified!

In order to create a playlist on Sporcle, you need to verify the email address you used during registration. Go to your Sporcle Settings to finish the process.

Report this User

Report this user for behavior that violates our Community Guidelines.

Details: